Landen met de langste aaneengesloten naam - Statistieken

Algemene statistieken
  • Deze quiz is 48 keer genomen
  • De gemiddelde score is 11 van 19
Antwoordstatistieken
Antwoord % Correct
Oezbekistan
87%
Turkmenistan
83%
Tadzjikistan
80%
Afghanistan
77%
Kazachstan
73%
Argentinië
67%
Mozambique
67%
Azerbeidzjan
63%
Madagaskar
63%
Zwitserland
63%
Mauritanië
60%
Griekenland
57%
Liechtenstein
57%
Denemarken
47%
Bangladesh
43%
Micronesië
40%
Montenegro
40%
Seychellen
37%
Kaapverdië
30%
Geen overeenkomende quizzen gevonden
Scoreverdeling
Procent van Mensen met Elke Score
Percentiel versus Aantal Correcte Antwoorden
Uw Scoregeschiedenis
U heeft deze quiz nog niet genomen